000 00346nam a2200133Ia 4500
008 240624s9999 xx 000 0 und d
041 _aeng
082 _a339 GUP
100 _aGUPTA G S
245 _aMACROECONOMICS THEORY AND APPLICATIONS
250 _a(3rd ed.)
260 _c2008
_aNew Delhi
_bTata McGraw- Hill
300 _a532 : p. : cm. ; 22
999 _c12190
_d12190